La ciencia ante lo extraño / (Record no. 58358)

MARC details
000 -LEADER
campo de control de longitud fija 00706nam a2200229 i 4500
001 - NÚMERO DE CONTROL
campo de control 58358
003 - IDENTIFICADOR DE NÚMERO DE CONTROL
campo de control ES-MaACL
005 - FECHA Y HORA DE LA ÚLTIMA TRANSACCIÓN
campo de control 20230906163804.0
007 - CAMPO FIJO DE DESCRIPCIÓN FÍSICA--INFORMACIÓN GENERAL
campo de control de longitud fija t|
008 - DATOS DE LONGITUD FIJA--INFORMACIÓN GENERAL
campo de control de longitud fija 031022s1976 sp ||||1| spa d
100 1# - ENTRADA PRINCIPAL--NOMBRE DE PERSONA
Nombre de persona Duval, Pierre.
9 (RLIN) 46379
245 13 - MENCIÓN DEL TÍTULO
Título La ciencia ante lo extraño /
Mención de responsabilidad, etc. Pierre Duval ; prólogo de Remy Chauvin ; [traducción de Alvaro Castillo].
250 ## - MENCION DE EDICION
Mención de edición [2ª ed.].
260 ## - PUBLICACIÓN, DISTRIBUCIÓN, ETC.
Lugar de publicación, distribución, etc. [Esplugas de Llobregat] :
Nombre del editor, distribuidor, etc. Plaza & Janés,
Fecha de publicación, distribución, etc. [1976]
300 ## - DESCRIPCIÓN FÍSICA
Extensión 256 p., 4 lám. ;
Dimensiones 23 cm.
490 1# - MENCIÓN DE SERIE
Mención de serie Otros mundos
700 1# - ENTRADA AGREGADA--NOMBRE PERSONAL
Nombre de persona Chauvin, Remy.
9 (RLIN) 38230
700 1# - ENTRADA AGREGADA--NOMBRE PERSONAL
Nombre de persona Castillo, Alvaro.
9 (RLIN) 36671
830 0# - PUNTO DE ACCESO ADICIONAL DE SERIE-TÍTULO UNIFORME
Título uniforme Otros mundos
9 (RLIN) 181412
852 ## - LOCALIZACIÓN
Ubicación ES-MaACL
Número de control de estantería A-6696
Sublocalización o colección R.95353
Holdings
Estatus retirado Estado de pérdida Estado de daño No para préstamo Biblioteca de origen Biblioteca actual Ubicación en estantería Fecha de adquisición Fuente de adquisición Total de préstamos Signatura topográfica completa Código de barras Visto por última vez Precio de reemplazo Tipo de ítem Koha
        Biblioteca del Ateneo de Madrid Biblioteca del Ateneo de Madrid Sala Pecera Planta 1 17/01/2008     A-6696 1061236 23/02/2023 23/02/2023 Libro impreso